000 01420nam a22002297a 4500
005 20260521153022.0
008 260521b |||||||| |||| 00| 0 eng d
020 _a9789354163500
040 _cAL
041 _aKonkani Devanagari
082 _a891.46209
_bSATN
100 _aDeepraj Satordekar
_9264233
100 _9264229
_dदीपराज सतोर्डेकर
245 _aNaatyaaswaad
_b: नाट्यास्वाद
260 _aGoa
_bUtpal Creations
_c2024
300 _a151p
_bPB
_c21.5x14cm
365 _2Konkani
_c
_d₹150.00
_f05-03-2026
520 _aदीपराज सारतोडकर (Deepraj Sartodkar) एक प्रसिद्ध भारतीय नाटककार और रंगमंच कलाकार हैं, जो मुख्य रूप से गोवा के सांस्कृतिक क्षेत्र में अपने योगदान के लिए जाने जाते हैं। वह 'नाट्यास्वाद' (Naatyaswaad) थिएटर ग्रुप से जुड़े हैं, जो उच्च स्तरीय नाटकों और राज्य स्तरीय प्रतियोगिताओं के लिए काम करता है।
650 _aAaswaadan ani parikshan
_9264230
650 _aHindi Drama Criticism
_9264231
942 _2ddc
_cBK
999 _c241484
_d241484